| Tag |
First Indicator |
Second Indicator |
Subfields |
| LEADER |
00000cam a2200000 a 4500 |
| 001 |
in00000532607 |
| 005 |
20151013174031.0 |
| 008 |
760227s1937 fr 00010 frem |
| 010 |
|
|
|a 39015167
|
| 035 |
|
|
|a (OCoLC)02018881
|
| 035 |
|
|
|9 ACH4499AM
|
| 040 |
|
|
|a DLC
|c HDC
|d m.c.
|d TXA
|d UtOrBLW
|
| 049 |
|
|
|a TXAM
|c [491233]
|
| 050 |
0 |
0 |
|a PK9151.Z77
|b D8
|
| 100 |
1 |
|
|a Dumézil, Georges,
|d 1898-1986.
|
| 245 |
1 |
0 |
|a Contes lazes /
|c Georges Dumezil.
|
| 264 |
|
1 |
|a Paris :
|b Institut d'ethnologie,
|c 1937.
|
| 300 |
|
|
|a xiii, 130 ;
|c 27 cm.
|
| 336 |
|
|
|a text
|b txt
|2 rdacontent
|
| 337 |
|
|
|a unmediated
|b n
|2 rdamedia
|
| 338 |
|
|
|a volume
|b nc
|2 rdacarrier
|
| 490 |
1 |
|
|a Travaux et memoires de l'Institut d'ethnologie ;
|v 27
|
| 500 |
|
|
|a Laz and French.
|
| 650 |
|
0 |
|a Tales, Laz.
|
| 650 |
|
0 |
|a Laz language
|x Texts.
|
| 830 |
|
0 |
|a Travaux et mémoires de l'Institut d'ethnologie ;
|v 27.
|
| 999 |
|
|
|a MARS
|
| 999 |
f |
f |
|s 45b45709-16f9-3821-882c-9b470158af08
|i 87b151e1-c93a-3316-83ee-c8124cc41124
|t 0
|
| 952 |
f |
f |
|p ric
|a Texas A&M University
|b Rellis Campus
|c Joint Library Facility
|d Remote Storage
|t 0
|e PK9151.Z77 D8
|h Library of Congress classification
|i unmediated -- volume
|m A14808830579
|
| 998 |
f |
f |
|a PK9151.Z77 D8
|t 0
|l Remote Storage
|